000 00518nam a2200181Ia 4500
005 20250508160953.0
008 008 250505s9999 xx 000 0 eng d
037 _aTextual
040 _aFEDL
_beng
_cFEDL
041 _aeng
_2eng
084 _a384, KUP
_qFEDL
100 _aKuppuswamy B
245 0 _aCommunication and social development in India
260 _aNew Delhi, India
_bSterling Publishers Pvt Ltd
_c1976
300 _aviii,364p.
942 _cTEXL
_h384, KUP
999 _c1367685
_d1367685